Thiên nhiên và môi trường vùng biển đảo Bạch Long Vĩ

Giới thiệu các đặc điểm địa chất, địa hình - địa mạo, khí hậu, hải văn, các hệ sinh thái, tài nguyên phi sinh vật, sinh vật và tài nguyên vị thế của vùng biển đảo Bạch Long Vĩ. Trình bày hoàn cảnh kinh tế - xã hội, thực trạng môi trường và...

全面介绍

Đã lưu trong:
书目详细资料
主要作者: Trần, Đức Thạnh
格式: 图书
语言:Undetermined
出版: Hà Nội Khoa học Tự nhiên và Công nghệ 2013
主题:
标签: 添加标签
没有标签, 成为第一个标记此记录!
Thư viện lưu trữ: Trung tâm Học liệu Trường Đại học Cần Thơ
LEADER 01122nam a2200193Ia 4500
001 CTU_190772
008 210402s9999 xx 000 0 und d
082 |a 551.46 
082 |b Th107 
100 |a Trần, Đức Thạnh 
245 0 |a Thiên nhiên và môi trường vùng biển đảo Bạch Long Vĩ 
245 0 |c Trần Đức Thạnh chủ biên 
260 |a Hà Nội 
260 |b Khoa học Tự nhiên và Công nghệ 
260 |c 2013 
520 |a Giới thiệu các đặc điểm địa chất, địa hình - địa mạo, khí hậu, hải văn, các hệ sinh thái, tài nguyên phi sinh vật, sinh vật và tài nguyên vị thế của vùng biển đảo Bạch Long Vĩ. Trình bày hoàn cảnh kinh tế - xã hội, thực trạng môi trường và định hướng phát triển bền vững tài nguyên và môi trường của vùng biển đảo này 
650 |a Oceanography,Hải dương học 
910 |a Hải 
980 |a Trung tâm Học liệu Trường Đại học Cần Thơ